000 00907cam a22002174a 4500
005 20250605164221.0
008 250528s ||||||||||||||||||||||||d
035 _a20659
020 _a71158146
040 _aGR-AtMCL
_bgre
_dGR-AtMCL
_eAACR2
245 1 _aEconomics / Principles, Problems, and Policies: Fourteenth Edition
250 _a14th
260 _bIrwin Mcgraw-Hill,
_c1998
300 _a896
520 _aPreface, An Introduction to Economics and the Economy, National Income and Employment and Fiscal Policy, Money and Banking and Monetary Policy, Problems and Controversies in Macroeconomics, Microeconomics of Product Markets, Microeconomics of Government, Microeconomic Issues and Policies, International Economics and the World Economy, Glossary, Index.
700 1 _aBrue Stanley L
_96622
700 1 _aMcconnell Campbell R
_96623
942 _cBK
999 _c5746
_d5746